[Event "20. Open d'escacs de Sants 2018"]
[Site "Barcelona ESP"]
[Date "2018.08.19"]
[Round "3.7"]
[White "HUBER, Martin Christian"]
[Black "CRUZ, Cristhian"]
[Result "0-1"]
[WhiteElo "2390"]
[BlackElo "2571"]
[PlyCount "52"]
[EventDate "2018.08.17"]
[EventType "swiss"]
[EventRounds "10"]
[EventCountry "ESP"]
[SourceTitle "Ajedrez en Madrid"]
[Source "lmi"]
[SourceDate "2018.08.17"]
[SourceVersion "1"]
[SourceVersionDate "2019.07.10"]
[SourceQuality "1"]

1. d4 Nf6 2. c4 e6 3. Nf3 d5 4. Nc3 Be7 5. Bf4 O-O 6. e3 c5 7. dxc5 Bxc5 8. Qc2
Nc6 9. Rd1 a6 10. a3 Qa5 11. Nd2 Be7 12. Nb3 Qb6 13. cxd5 exd5 14. Be2 Be6 15.
O-O Rac8 16. Bf3 Ne4 17. Bxe4 dxe4 18. Nc1 f5 19. Rd2 Na5 20. Be5 Qc5 21. Bd4
Qc7 22. Qd1 Rfd8 23. Qh5 Bf6 24. Rfd1 Nc4 25. Rc2 Bxd4 26. exd4 Nxb2 0-1

[Event "20. Open d'escacs de Sants 2018"]
[Site "Barcelona ESP"]
[Date "2018.08.19"]
[Round "3.8"]
[White "MOUSSARD, Jules"]
[Black "POGORELOV, Ruslan"]
[Result "1/2-1/2"]
[WhiteElo "2566"]
[BlackElo "2389"]
[PlyCount "110"]
[EventDate "2018.08.17"]
[EventType "swiss"]
[EventRounds "10"]
[EventCountry "ESP"]
[SourceTitle "Ajedrez en Madrid"]
[Source "lmi"]
[SourceDate "2018.08.17"]
[SourceVersion "1"]
[SourceVersionDate "2019.07.10"]
[SourceQuality "1"]

1. e4 c5 2. Nf3 Nc6 3. Nc3 e6 4. g3 Nf6 5. Bg2 d5 6. d3 dxe4 7. Nxe4 Nxe4 8.
dxe4 Qxd1+ 9. Kxd1 b6 10. c3 Bb7 11. Kc2 O-O-O 12. Bf4 h6 13. h4 Bd6 14. Bxd6
Rxd6 15. Rad1 Rhd8 16. Rxd6 Rxd6 17. Re1 Ba6 18. Re3 e5 19. h5 Rf6 20. Kd2 Kc7
21. Bh3 Rd6+ 22. Kc2 Rf6 23. Kd1 Rd6+ 24. Nd2 Bd3 25. Ke1 b5 26. f4 c4 27. Rf3
f6 28. Bf1 Bc2 29. Be2 Kb6 30. Bd1 Bd3 31. Re3 Kc5 32. Be2 Bc2 33. Bd1 Bxd1 34.
Kxd1 a5 35. Kc2 b4 36. b3 cxb3+ 37. axb3 bxc3 38. Kxc3 Rd4 39. Rf3 Rd7 40. Nc4
Nd4 41. Rf2 exf4 42. gxf4 Nxb3 43. e5 Nd4 44. Nxa5 Nb5+ 45. Kc2 Rc7 46. exf6
Kb4+ 47. Kd3 gxf6 48. Ke4 Rc5 49. Nb7 Rxh5 50. f5 Nc3+ 51. Kd4 Rh4+ 52. Kd3
Rh3+ 53. Kd4 Rh4+ 54. Kd3 Rh3+ 55. Kd4 Rh4+ 1/2-1/2

[Event "20. Open d'escacs de Sants 2018"]
[Site "Barcelona ESP"]
[Date "2018.08.19"]
[Round "3.9"]
[White "SHYAAMNIKHIL, P."]
[Black "MARTINEZ ALCANTARA, Jose Eduardo"]
[Result "1/2-1/2"]
[WhiteElo "2389"]
[BlackElo "2561"]
[PlyCount "132"]
[EventDate "2018.08.17"]
[EventType "swiss"]
[EventRounds "10"]
[EventCountry "ESP"]
[SourceTitle "Ajedrez en Madrid"]
[Source "lmi"]
[SourceDate "2018.08.17"]
[SourceVersion "1"]
[SourceVersionDate "2019.07.10"]
[SourceQuality "1"]

1. g3 c5 2. Bg2 Nc6 3. e4 g6 4. Ne2 Bg7 5. O-O Nf6 6. d4 cxd4 7. Nxd4 Nxd4 8.
Qxd4 d6 9. h3 O-O 10. Qe3 Be6 11. c3 Qa5 12. Nd2 Rac8 13. Nf3 b5 14. Bd2 Nd7
15. Nd4 Bc4 16. Rfd1 e5 17. Nc2 Nf6 18. Qe1 Qb6 19. Bg5 Be6 20. Qe3 Rc5 21. Rd2
Rfc8 22. Rad1 Ne8 23. Qe1 Qb7 24. Nb4 Bf8 25. Nd5 Bxd5 26. Rxd5 Rxd5 27. Rxd5
h6 28. Bc1 Nf6 29. Rd1 a5 30. Qe2 Kh7 31. Bd2 Qc6 32. Be1 Be7 33. Qd3 Kg7 34.
Kh2 h5 35. h4 Qb6 36. f3 b4 37. cxb4 axb4 38. Qe2 Ra8 39. Qc4 Qa7 40. Ra1 Rb8
41. Rd1 Nd7 42. Bh3 Nc5 43. Bf2 Qa4 44. Rd2 b3 45. axb3 Qxb3 46. Qxb3 Rxb3 47.
Bxc5 dxc5 48. Kg2 g5 49. hxg5 Bxg5 50. Rc2 Be3 51. Bd7 Bd4 52. Bc6 Rxb2 53.
Rxb2 Bxb2 54. Bd5 Bd4 55. Kh3 Bf2 56. Kh4 Kg6 57. Bc4 Be3 58. Bd5 Bg5+ 59. Kh3
Bd8 60. Bc4 f5 61. exf5+ Kxf5 62. Bf7 h4 63. Bd5 hxg3 64. Kxg3 c4 65. Bxc4 e4
66. fxe4+ Kxe4 1/2-1/2

[Event "20. Open d'escacs de Sants 2018"]
[Site "Barcelona ESP"]
[Date "2018.08.19"]
[Round "3.11"]
[White "BARBERO SENDIC, Alejandro"]
[Black "VOLKOV, Sergey"]
[Result "0-1"]
[WhiteElo "2388"]
[BlackElo "2557"]
[PlyCount "66"]
[EventDate "2018.08.17"]
[EventType "swiss"]
[EventRounds "10"]
[EventCountry "ESP"]
[SourceTitle "Ajedrez en Madrid"]
[Source "lmi"]
[SourceDate "2018.08.17"]
[SourceVersion "1"]
[SourceVersionDate "2019.07.10"]
[SourceQuality "1"]

1. e4 e6 2. d4 d5 3. Nd2 Nf6 4. e5 Nfd7 5. Bd3 c5 6. c3 Nc6 7. Ne2 cxd4 8. cxd4
f6 9. exf6 Nxf6 10. Nf3 Bd6 11. O-O O-O 12. Bf4 Bxf4 13. Nxf4 Ng4 14. Qd2 Qf6
15. Nh5 Qh6 16. Qxh6 Nxh6 17. Rac1 Bd7 18. Ng3 Nf7 19. Bb5 Nfd8 20. Rfe1 Kf7
21. Ne2 Ke7 22. Nc3 Rxf3 23. gxf3 Nxd4 24. Be2 N8c6 25. Kg2 Rf8 26. Rcd1 g5 27.
Bb5 Nxf3 28. Re3 Nh4+ 29. Kf1 d4 30. Red3 e5 31. Ne4 Nb4 32. Bxd7 Nxd3 33. Bb5
Nxb2 0-1

[Event "20. Open d'escacs de Sants 2018"]
[Site "Barcelona ESP"]
[Date "2018.08.19"]
[Round "3.13"]
[White "MORONI, Luca Jr"]
[Black "VALENZUELA GOMEZ, Fernando"]
[Result "1/2-1/2"]
[WhiteElo "2547"]
[BlackElo "2377"]
[PlyCount "65"]
[EventDate "2018.08.17"]
[EventType "swiss"]
[EventRounds "10"]
[EventCountry "ESP"]
[SourceTitle "Ajedrez en Madrid"]
[Source "lmi"]
[SourceDate "2018.08.17"]
[SourceVersion "1"]
[SourceVersionDate "2019.07.10"]
[SourceQuality "1"]

1. d4 Nf6 2. c4 g6 3. g3 Bg7 4. Bg2 O-O 5. Nc3 d6 6. Nf3 Nc6 7. O-O e5 8. dxe5
dxe5 9. Bg5 Be6 10. Nd2 h6 11. Bxf6 Bxf6 12. Nde4 Be7 13. Qc1 Kg7 14. Rd1 Qe8
15. Nd5 Bd8 16. Qc3 Bc8 17. b4 f5 18. Nc5 Nd4 19. Qb2 c6 20. e3 cxd5 21. exd4
e4 22. cxd5 b6 23. Ne6+ Bxe6 24. dxe6 Qxe6 25. d5+ Qf6 26. Qxf6+ Bxf6 27. Rac1
Rac8 28. Bf1 Rxc1 29. Rxc1 Bd4 30. Rc6 Rf6 31. Re6 Rxe6 32. dxe6 Kf6 33. Bc4
1/2-1/2

[Event "20. Open d'escacs de Sants 2018"]
[Site "Barcelona ESP"]
[Date "2018.08.19"]
[Round "3.14"]
[White "EGGLESTON, David J"]
[Black "QUESADA PEREZ, Yasser"]
[Result "0-1"]
[WhiteElo "2384"]
[BlackElo "2534"]
[PlyCount "70"]
[EventDate "2018.08.17"]
[EventType "swiss"]
[EventRounds "10"]
[EventCountry "ESP"]
[SourceTitle "Ajedrez en Madrid"]
[Source "lmi"]
[SourceDate "2018.08.17"]
[SourceVersion "1"]
[SourceVersionDate "2019.07.10"]
[SourceQuality "1"]

1. e4 c5 2. Nf3 Nc6 3. d4 cxd4 4. Nxd4 Qb6 5. Nb3 Nf6 6. Nc3 e6 7. Qe2 Bb4 8.
Bd2 O-O 9. a3 Be7 10. e5 Ne8 11. O-O-O f6 12. exf6 Bxf6 13. Ne4 d5 14. Be3 Qc7
15. Nxf6+ Nxf6 16. g4 Bd7 17. Bg2 Rac8 18. h3 b6 19. Kb1 Be8 20. h4 h5 21. Bg5
Nxg4 22. Qxe6+ Bf7 23. Qe2 d4 24. Nxd4 Rfe8 25. Be4 Rxe4 26. Qxe4 Nxd4 27. Rxd4
Nxf2 28. Qf5 Rf8 29. Qxf2 Ba2+ 30. Kxa2 Rxf2 31. c4 Rg2 32. Rhd1 Rg4 33. Ka1
Qe5 34. Rd7 a6 35. Re7 Qc5 0-1

[Event "20. Open d'escacs de Sants 2018"]
[Site "Barcelona ESP"]
[Date "2018.08.19"]
[Round "3.15"]
[White "SVIRIDOV, Valery"]
[Black "MINGARRO CARCELLER, Sergi"]
[Result "1-0"]
[WhiteElo "2528"]
[BlackElo "2363"]
[PlyCount "55"]
[EventDate "2018.08.17"]
[EventType "swiss"]
[EventRounds "10"]
[EventCountry "ESP"]
[SourceTitle "Ajedrez en Madrid"]
[Source "lmi"]
[SourceDate "2018.08.17"]
[SourceVersion "1"]
[SourceVersionDate "2019.07.10"]
[SourceQuality "1"]

1. Nf3 d5 2. g3 Nf6 3. Bg2 e6 4. O-O Be7 5. d3 O-O 6. Nbd2 c5 7. e4 Nc6 8. Re1
b5 9. a4 bxa4 10. Rxa4 Rb8 11. exd5 exd5 12. d4 c4 13. c3 Bd6 14. Ne5 Na5 15.
Nf1 Rb5 16. Ra2 Qb6 17. Qc2 Nd7 18. Ne3 Nf6 19. Nf5 Nb7 20. Bg5 Nd7 21. Be7 Re8
22. Nxf7 Rxe7 23. Nxe7+ Bxe7 24. Rxe7 Kf8 25. Qe2 Nf6 26. Ng5 h6 27. Rf7+ Kg8
28. Qe7 1-0

[Event "20. Open d'escacs de Sants 2018"]
[Site "Barcelona ESP"]
[Date "2018.08.19"]
[Round "3.16"]
[White "KULKARNI, Rakesh"]
[Black "VETOSHKO, Volodymyr"]
[Result "0-1"]
[WhiteElo "2363"]
[BlackElo "2525"]
[PlyCount "55"]
[EventDate "2018.08.17"]
[EventType "swiss"]
[EventRounds "10"]
[EventCountry "ESP"]
[SourceTitle "Ajedrez en Madrid"]
[Source "lmi"]
[SourceDate "2018.08.17"]
[SourceVersion "1"]
[SourceVersionDate "2019.07.10"]
[SourceQuality "1"]

1. e4 e5 2. Nf3 Nc6 3. d4 exd4 4. Nxd4 Bc5 5. Nxc6 Qf6 6. Qf3 dxc6 7. Qxf6 Nxf6
8. f3 Be6 9. Nc3 O-O-O 10. Bd2 Bf2+ 11. Ke2 Bd4 12. Be3 Bxc3 13. bxc3 Nd7 14.
Kf2 Nb6 15. a4 a5 16. g4 Nc4 17. Bxc4 Bxc4 18. g5 b6 19. h4 c5 20. h5 Rhe8 21.
Rad1 Rxd1 22. Rxd1 Be6 23. Rg1 Bd7 24. Kg3 f5 25. gxf6 gxf6 26. Kf4 Rf8 27. Bf2
f5 28. e5 0-1

[Event "20. Open d'escacs de Sants 2018"]
[Site "Barcelona ESP"]
[Date "2018.08.19"]
[Round "3.18"]
[White "DIERMAIR, Andreas"]
[Black "SOUMYA, Swaminathan"]
[Result "0-1"]
[WhiteElo "2501"]
[BlackElo "2361"]
[PlyCount "104"]
[EventDate "2018.08.17"]
[EventType "swiss"]
[EventRounds "10"]
[EventCountry "ESP"]
[SourceTitle "Ajedrez en Madrid"]
[Source "lmi"]
[SourceDate "2018.08.17"]
[SourceVersion "1"]
[SourceVersionDate "2019.07.10"]
[SourceQuality "1"]

1. d4 Nf6 2. Nf3 g6 3. Bg5 Bg7 4. Nbd2 d5 5. e3 O-O 6. c3 Nbd7 7. Be2 c5 8. O-O
Re8 9. b4 cxb4 10. cxb4 h6 11. Bh4 g5 12. Bg3 Nh5 13. Nb3 Qb6 14. a3 Nxg3 15.
hxg3 Nf8 16. Ne5 f6 17. Bh5 Rd8 18. Nd3 Bf5 19. a4 Bh7 20. f4 Qe6 21. f5 Qd6
22. Nbc5 Rab8 23. b5 e6 24. Qb3 Kh8 25. Rae1 Bg8 26. Qb2 b6 27. Na6 Rbc8 28.
Nab4 Rd7 29. Nc6 a5 30. Rf3 Rdc7 31. Rf2 Nd7 32. Ref1 e5 33. Ndxe5 fxe5 34. f6
Bxf6 35. Rxf6 Nxf6 36. dxe5 Qc5 37. exf6 Qxe3+ 38. Kh2 Bf7 39. Bxf7 Rxf7 40.
Ne5 Kg8 41. Nxf7 Kxf7 42. Qb1 Qe4 43. Qb3 Qe5 44. Kh1 Rc3 45. Qd1 Qe4 46. g4
Rg3 47. Rf2 Rxg4 48. Qc1 Qe5 49. Kg1 Rxa4 50. Rf1 Rh4 51. Qc6 Qh2+ 52. Kf2 Rf4+
0-1

[Event "20. Open d'escacs de Sants 2018"]
[Site "Barcelona ESP"]
[Date "2018.08.19"]
[Round "3.19"]
[White "CUARTAS, Jaime Alexander"]
[Black "BARP, Alberto"]
[Result "1-0"]
[WhiteElo "2499"]
[BlackElo "2340"]
[PlyCount "55"]
[EventDate "2018.08.17"]
[EventType "swiss"]
[EventRounds "10"]
[EventCountry "ESP"]
[SourceTitle "Ajedrez en Madrid"]
[Source "lmi"]
[SourceDate "2018.08.17"]
[SourceVersion "1"]
[SourceVersionDate "2019.07.10"]
[SourceQuality "1"]

1. d4 d5 2. c4 e6 3. Nf3 Nf6 4. Nc3 c5 5. cxd5 Nxd5 6. e3 Nc6 7. Bd3 Be7 8. O-O
O-O 9. a3 cxd4 10. exd4 Bf6 11. Be4 Nce7 12. Qc2 g6 13. Bh6 Re8 14. Rfe1 Bg7
15. Qd2 f6 16. Bxg7 Kxg7 17. Rac1 Bd7 18. Bxd5 exd5 19. h3 Bc6 20. Ne2 Qd6 21.
Nf4 Ng8 22. Nd3 Rxe1+ 23. Rxe1 Kf7 24. Qa5 b6 25. Qa6 Ne7 26. Rc1 Bd7 27. Qb7
Bc6 28. Rxc6 1-0

[Event "20. Open d'escacs de Sants 2018"]
[Site "Barcelona ESP"]
[Date "2018.08.19"]
[Round "3.21"]
[White "ANURAG, Mhamal"]
[Black "IPPOLITO, Dean"]
[Result "1-0"]
[WhiteElo "2484"]
[BlackElo "2338"]
[PlyCount "69"]
[EventDate "2018.08.17"]
[EventType "swiss"]
[EventRounds "10"]
[EventCountry "ESP"]
[SourceTitle "Ajedrez en Madrid"]
[Source "lmi"]
[SourceDate "2018.08.17"]
[SourceVersion "1"]
[SourceVersionDate "2019.07.10"]
[SourceQuality "1"]

1. d4 d5 2. Nf3 Nf6 3. g3 e6 4. c4 Be7 5. Bg2 O-O 6. O-O dxc4 7. Qc2 a6 8. a4
Bd7 9. Qxc4 Bc6 10. Bf4 Bd6 11. Qc1 a5 12. Nc3 Na6 13. Rd1 Nb4 14. Bg5 Be7 15.
Bxf6 Bxf6 16. e4 b6 17. h4 Bb7 18. Rd2 g6 19. Qe1 Qe7 20. Rc1 Bg7 21. Qe3 Rfd8
22. Nb5 Rac8 23. Rcd1 Qf8 24. g4 h6 25. g5 h5 26. Ne5 c6 27. Na3 c5 28. Nf3
cxd4 29. Nxd4 Kh7 30. Qb3 Be5 31. Nc4 Bf4 32. Nxe6 fxe6 33. Rd7+ Kh8 34. Qc3+
Kg8 35. Bh3 1-0

[Event "20. Open d'escacs de Sants 2018"]
[Site "Barcelona ESP"]
[Date "2018.08.19"]
[Round "3.22"]
[White "BOFILL MAS, Alejandro"]
[Black "NARCISO DUBLAN, Marc"]
[Result "0-1"]
[WhiteElo "2323"]
[BlackElo "2483"]
[PlyCount "70"]
[EventDate "2018.08.17"]
[EventType "swiss"]
[EventRounds "10"]
[EventCountry "ESP"]
[SourceTitle "Ajedrez en Madrid"]
[Source "lmi"]
[SourceDate "2018.08.17"]
[SourceVersion "1"]
[SourceVersionDate "2019.07.10"]
[SourceQuality "1"]

1. Nf3 d5 2. c4 d4 3. b4 g6 4. g3 Bg7 5. d3 e5 6. Nbd2 Ne7 7. Bg2 O-O 8. O-O a5
9. b5 c5 10. bxc6 Nexc6 11. Ne1 Na6 12. Nc2 Re8 13. Na3 f5 14. Nb5 Be6 15. Rb1
Qd7 16. Re1 Bf8 17. a3 Rad8 18. Qc2 Bf7 19. Na7 e4 20. Nxc6 exd3 21. Qxd3 bxc6
22. Nb3 a4 23. Na5 Nc5 24. Qd1 Re6 25. Bd2 Qc7 26. Bb4 Ra8 27. Qxd4 Ne4 28.
Bxf8 Rxf8 29. Qb6 Qe7 30. Qb4 c5 31. Qb7 Qf6 32. Bxe4 fxe4 33. Qc7 Qf5 34. Rb7
Rf6 35. Rf1 e3 0-1

[Event "20. Open d'escacs de Sants 2018"]
[Site "Barcelona ESP"]
[Date "2018.08.19"]
[Round "3.23"]
[White "AGUERO JIMENEZ, Luis Lazaro"]
[Black "ABDULLA, Murad"]
[Result "1-0"]
[WhiteElo "2482"]
[BlackElo "2329"]
[PlyCount "37"]
[EventDate "2018.08.17"]
[EventType "swiss"]
[EventRounds "10"]
[EventCountry "ESP"]
[SourceTitle "Ajedrez en Madrid"]
[Source "lmi"]
[SourceDate "2018.08.17"]
[SourceVersion "1"]
[SourceVersionDate "2019.07.10"]
[SourceQuality "1"]

1. c4 c5 2. Nf3 Nc6 3. d4 cxd4 4. Nxd4 g6 5. e4 Bg7 6. Be3 Nf6 7. Nc3 d6 8. Be2
O-O 9. O-O Bd7 10. Qd2 Nxd4 11. Bxd4 Bc6 12. f3 a5 13. b3 Nd7 14. Be3 Nc5 15.
Rab1 Qb6 16. Rfc1 Qb4 17. Rc2 Ne6 18. Kh1 Rfc8 19. Bf1 1-0

[Event "20. Open d'escacs de Sants 2018"]
[Site "Barcelona ESP"]
[Date "2018.08.19"]
[Round "3.24"]
[White "CORI QUISPE, Kevin Joel"]
[Black "RAJESH, V A V."]
[Result "0-1"]
[WhiteElo "2480"]
[BlackElo "2325"]
[PlyCount "78"]
[EventDate "2018.08.17"]
[EventType "swiss"]
[EventRounds "10"]
[EventCountry "ESP"]
[SourceTitle "Ajedrez en Madrid"]
[Source "lmi"]
[SourceDate "2018.08.17"]
[SourceVersion "1"]
[SourceVersionDate "2019.07.10"]
[SourceQuality "1"]

1. e4 e5 2. Nf3 Nc6 3. Bc4 Bc5 4. O-O Nf6 5. d3 d6 6. a4 h6 7. a5 a6 8. c3 O-O
9. Re1 Be6 10. Nbd2 Qd7 11. Nf1 Ng4 12. Be3 Nxe3 13. Nxe3 Bxe3 14. Rxe3 Bxc4
15. dxc4 f5 16. c5 fxe4 17. Rxe4 d5 18. Re1 Qf7 19. Re2 e4 20. Nd2 Ne5 21. f3
Nd3 22. fxe4 dxe4 23. Qb3 Nxc5 24. Qxf7+ Rxf7 25. b4 Nd3 26. Rxe4 c5 27. Nf3
Rd8 28. Rd1 Rfd7 29. h4 cxb4 30. cxb4 Rd5 31. Rd2 Nxb4 32. Rb2 Nd3 33. Rb6 Nc5
34. Rc4 R8d7 35. Kh2 Re7 36. Rg4 Kf8 37. Nd4 Ke8 38. Rf4 Nd3 39. Rg4 h5 0-1

[Event "20. Open d'escacs de Sants 2018"]
[Site "Barcelona ESP"]
[Date "2018.08.19"]
[Round "3.25"]
[White "TAHAY, Alexis"]
[Black "OLIVA CASTANEDA, Kevel"]
[Result "0-1"]
[WhiteElo "2315"]
[BlackElo "2479"]
[PlyCount "131"]
[EventDate "2018.08.17"]
[EventType "swiss"]
[EventRounds "10"]
[EventCountry "ESP"]
[SourceTitle "Ajedrez en Madrid"]
[Source "lmi"]
[SourceDate "2018.08.17"]
[SourceVersion "1"]
[SourceVersionDate "2019.07.10"]
[SourceQuality "1"]

1. e4 e5 2. Nf3 Nc6 3. Bb5 a6 4. Ba4 Nf6 5. O-O Be7 6. Re1 b5 7. Bb3 d6 8. c3
O-O 9. h3 Nb8 10. d4 Nbd7 11. Nbd2 Bb7 12. Bc2 Re8 13. Nf1 Bf8 14. Ng3 g6 15.
Bg5 h6 16. Bd2 Bg7 17. Qc1 Kh7 18. a4 Nb6 19. axb5 axb5 20. b3 Nfd7 21. d5 c6
22. dxc6 Bxc6 23. h4 Rxa1 24. Qxa1 h5 25. Qb2 Kg8 26. Ra1 d5 27. Ra7 Nc8 28.
Ra2 Nd6 29. exd5 Bxd5 30. Ng5 Nf6 31. Qb1 Qd7 32. Be3 Ra8 33. Rxa8+ Bxa8 34. c4
Qb7 35. f3 bxc4 36. Qd1 Nd5 37. Bf2 c3 38. Qd3 Qc6 39. N3e4 Nf5 40. b4 Nd4 41.
Bxd4 exd4 42. b5 Qc7 43. Bb3 Nf4 44. b6 Qc6 45. Qa6 Bb7 46. Qa7 c2 47. Bxc2 Be5
48. Nc5 Qxc5 49. Qxb7 d3+ 50. Kh1 Qc4 51. Qe7 Qd5 52. Bd1 Bd6 53. b7 Qa2 54.
Qe8+ Kg7 55. Qxf7+ Qxf7 56. Nxf7 Kxf7 57. Kg1 Ke7 58. Kf2 Bc5+ 59. Kf1 Ba7 60.
g3 Nd5 61. Ke1 Ne3 62. g4 hxg4 63. fxg4 Ng2+ 64. Kd2 Nxh4 65. Kxd3 g5 66. Kc4
0-1

[Event "20. Open d'escacs de Sants 2018"]
[Site "Barcelona ESP"]
[Date "2018.08.19"]
[Round "3.26"]
[White "HARIKRISHNAN.A.RA"]
[Black "BEERDSEN, Thomas"]
[Result "1/2-1/2"]
[WhiteElo "2301"]
[BlackElo "2469"]
[PlyCount "42"]
[EventDate "2018.08.17"]
[EventType "swiss"]
[EventRounds "10"]
[EventCountry "ESP"]
[SourceTitle "Ajedrez en Madrid"]
[Source "lmi"]
[SourceDate "2018.08.17"]
[SourceVersion "1"]
[SourceVersionDate "2019.07.10"]
[SourceQuality "1"]

1. Nf3 d5 2. g3 Nf6 3. Bg2 g6 4. O-O Bg7 5. d4 O-O 6. c4 c6 7. cxd5 cxd5 8. Nc3
Nc6 9. Ne5 Bf5 10. Nxc6 bxc6 11. Na4 Re8 12. Bf4 Nd7 13. Rc1 Rc8 14. Qd2 Nb6
15. Nxb6 Qxb6 16. Rfd1 a5 17. b3 Qb4 18. Qxb4 axb4 19. Bd2 Ra8 20. Bxb4 Rxa2
21. e3 Bc2 1/2-1/2

[Event "20. Open d'escacs de Sants 2018"]
[Site "Barcelona ESP"]
[Date "2018.08.19"]
[Round "3.27"]
[White "PULVETT MARIN, Daniel Eduardo"]
[Black "HERNANDEZ, Cristian Andres"]
[Result "1-0"]
[WhiteElo "2465"]
[BlackElo "2323"]
[PlyCount "40"]
[EventDate "2018.08.17"]
[EventType "swiss"]
[EventRounds "10"]
[EventCountry "ESP"]
[SourceTitle "Ajedrez en Madrid"]
[Source "lmi"]
[SourceDate "2018.08.17"]
[SourceVersion "1"]
[SourceVersionDate "2019.07.10"]
[SourceQuality "1"]

1. d4 Nf6 2. c4 e6 3. Nf3 d5 4. Nc3 dxc4 5. e4 Bb4 6. Bxc4 Nxe4 7. O-O Nxc3 8.
bxc3 Bd6 9. Qe2 Nd7 10. Rd1 O-O 11. Rd3 Qf6 12. Ng5 h6 13. Ne4 Qg6 14. Nxd6
cxd6 15. Rg3 Qf6 16. Qh5 Kh8 17. Bd3 e5 18. Bg5 Qe6 19. d5 Nf6 20. Qh4 Nxd5 1-0

[Event "20. Open d'escacs de Sants 2018"]
[Site "Barcelona ESP"]
[Date "2018.08.19"]
[Round "3.28"]
[White "NEEF, Maximilian"]
[Black "ABHISHEK, Das"]
[Result "1-0"]
[WhiteElo "2463"]
[BlackElo "2315"]
[PlyCount "123"]
[EventDate "2018.08.17"]
[EventType "swiss"]
[EventRounds "10"]
[EventCountry "ESP"]
[SourceTitle "Ajedrez en Madrid"]
[Source "lmi"]
[SourceDate "2018.08.17"]
[SourceVersion "1"]
[SourceVersionDate "2019.07.10"]
[SourceQuality "1"]

1. c4 e6 2. Nf3 d5 3. g3 Nf6 4. Bg2 Be7 5. O-O O-O 6. d4 b6 7. cxd5 exd5 8. Nc3
Bb7 9. b3 Nbd7 10. Bb2 Re8 11. Rc1 Bd6 12. e3 a6 13. Re1 Qe7 14. Re2 Ne4 15.
Rec2 Nxc3 16. Bxc3 Nf6 17. Bb4 c6 18. Bxd6 Qxd6 19. Ne5 c5 20. Nf3 Rac8 21. Bh3
Rc7 22. dxc5 bxc5 23. b4 Ne4 24. bxc5 Rxc5 25. Rxc5 Nxc5 26. Qd4 Ne4 27. Qb2
Ba8 28. Nd4 g6 29. a4 h5 30. Rc8 Rxc8 31. Bxc8 Bc6 32. a5 Qc5 33. Bxa6 Qxa5 34.
Nxc6 Qxa6 35. Ne7+ Kh7 36. Nxd5 Qd3 37. Nf6+ Nxf6 38. Qxf6 Qb1+ 39. Kg2 Qe4+
40. Qf3 Qc4 41. h3 Kg8 42. e4 Qd4 43. Qf4 Kg7 44. e5 Qd5+ 45. Kh2 Kg8 46. Qf6
Kh7 47. g4 hxg4 48. hxg4 Qc4 49. Kg3 Qd5 50. f3 Qa2 51. e6 fxe6 52. Qf7+ Kh8
53. Qf8+ Kh7 54. Qf7+ Kh8 55. Qxg6 Qc4 56. g5 Qe2 57. Qe4 Qd2 58. Kg4 Qd6 59.
Qf4 Qd5 60. Qf8+ Kh7 61. Kh5 Qd3 62. Qh6+ 1-0

[Event "20. Open d'escacs de Sants 2018"]
[Site "Barcelona ESP"]
[Date "2018.08.19"]
[Round "3.30"]
[White "LODICI, Lorenzo"]
[Black "BUYUKASIK, Diyap"]
[Result "1/2-1/2"]
[WhiteElo "2447"]
[BlackElo "2305"]
[PlyCount "89"]
[EventDate "2018.08.17"]
[EventType "swiss"]
[EventRounds "10"]
[EventCountry "ESP"]
[SourceTitle "Ajedrez en Madrid"]
[Source "lmi"]
[SourceDate "2018.08.17"]
[SourceVersion "1"]
[SourceVersionDate "2019.07.10"]
[SourceQuality "1"]

1. e4 c5 2. Nf3 d6 3. d4 cxd4 4. Nxd4 Nf6 5. Nc3 a6 6. Be2 e5 7. Nf3 Be7 8. Bg5
Be6 9. Bxf6 Bxf6 10. O-O O-O 11. Nd5 Bxd5 12. Qxd5 Qc7 13. Bc4 Nd7 14. Bb3 Be7
15. Rad1 b5 16. c3 Nc5 17. Rfe1 a5 18. Nd2 Rab8 19. a3 Qb7 20. Qxb7 Rxb7 21.
Bd5 Rbb8 22. Nb3 Nxb3 23. Bxb3 Rfc8 24. Rd5 Rc5 25. Red1 Rbc8 26. a4 bxa4 27.
Bxa4 Kf8 28. Kf1 Rxd5 29. Rxd5 Rc5 30. Rd1 Rc4 31. Bc2 Rc8 32. Ke2 Rb8 33. Rb1
Bd8 34. Bd3 Ke7 35. Bc4 Bb6 36. f3 g6 37. Kd3 f5 38. Bd5 Bc5 39. exf5 gxf5 40.
b3 Bb6 41. Kc4 Rc8+ 42. Kb5 Be3 43. c4 Rc5+ 44. Ka6 Bd2 45. Kb7 1/2-1/2

[Event "20. Open d'escacs de Sants 2018"]
[Site "Barcelona ESP"]
[Date "2018.08.19"]
[Round "3.31"]
[White "LAUSTSEN, Lars"]
[Black "DIAZ CAMALLONGA, Carles"]
[Result "1/2-1/2"]
[WhiteElo "2204"]
[BlackElo "2445"]
[PlyCount "88"]
[EventDate "2018.08.17"]
[EventType "swiss"]
[EventRounds "10"]
[EventCountry "ESP"]
[SourceTitle "Ajedrez en Madrid"]
[Source "lmi"]
[SourceDate "2018.08.17"]
[SourceVersion "1"]
[SourceVersionDate "2019.07.10"]
[SourceQuality "1"]

1. d4 e6 2. c4 Nf6 3. g3 Bb4+ 4. Bd2 c5 5. Bxb4 cxb4 6. Bg2 O-O 7. e3 d6 8. Ne2
a5 9. O-O e5 10. a3 Na6 11. axb4 axb4 12. Nd2 Qc7 13. Qb3 Bg4 14. Qd3 Rfe8 15.
Nc1 Rad8 16. Ncb3 exd4 17. Qxd4 Nc5 18. f3 Be6 19. Rfc1 b6 20. e4 Nfd7 21. Qe3
f5 22. Nd4 fxe4 23. Nb5 Qb8 24. Nxe4 Nxe4 25. fxe4 Ne5 26. b3 Bc8 27. Qd2 Bb7
28. Rd1 Nf7 29. Qxb4 Bxe4 30. Bxe4 Rxe4 31. Re1 Rxe1+ 32. Rxe1 Ne5 33. Nd4 Qb7
34. Qc3 Rf8 35. Qe3 Qa8 36. Qe4 Qa2 37. Rf1 Rxf1+ 38. Kxf1 h6 39. Qd5+ Kh8 40.
Qxd6 Qb1+ 41. Kg2 Qe4+ 42. Kh3 Qg4+ 43. Kg2 Qe4+ 44. Kh3 Qg4+ 1/2-1/2

[Event "20. Open d'escacs de Sants 2018"]
[Site "Barcelona ESP"]
[Date "2018.08.19"]
[Round "3.32"]
[White "BELLIA, Fabrizio"]
[Black "SENDERS, Mischa"]
[Result "1/2-1/2"]
[WhiteElo "2440"]
[BlackElo "2303"]
[PlyCount "52"]
[EventDate "2018.08.17"]
[EventType "swiss"]
[EventRounds "10"]
[EventCountry "ESP"]
[SourceTitle "Ajedrez en Madrid"]
[Source "lmi"]
[SourceDate "2018.08.17"]
[SourceVersion "1"]
[SourceVersionDate "2019.07.10"]
[SourceQuality "1"]

1. e4 g6 2. d4 Bg7 3. Nc3 a6 4. f4 b5 5. Nf3 Bb7 6. Bd3 d6 7. O-O Nf6 8. e5 Nd5
9. Nxd5 Bxd5 10. a4 b4 11. Be3 Nd7 12. a5 O-O 13. Qe2 Qc8 14. c3 bxc3 15. bxc3
c5 16. Nd2 Qc7 17. Rfb1 Rfb8 18. Rxb8+ Qxb8 19. Qd1 Qb7 20. Bf1 Qc7 21. Qc1 f6
22. exd6 exd6 23. f5 Qc6 24. Bf4 gxf5 25. Nc4 Bf8 26. Ne3 Be4 1/2-1/2